Dublin Airport Destinations - Statistics

General Stats
  • This quiz has been taken 285 times
  • The average score is 115 of 190
Answer Stats
Hint Answer % Correct
LHR London
99%
AMS Amsterdam
98%
BCN Barcelona
98%
LIS Lisbon
98%
JFK New York City
98%
CDG Paris
98%
ATH Athens
97%
MAD Madrid
97%
OSL Oslo
97%
LAX Los Angeles
96%
FCO Rome
96%
WAW Warsaw
96%
BER Berlin
95%
BRU Brussels
95%
HEL Helsinki
95%
IOM Isle of Man
95%
BGY Milan
95%
VIE Vienna
95%
CPH Copenhagen
94%
EDI Edinburgh
94%
IST Istanbul
94%
ATL Atlanta
93%
BOS Boston
93%
MIA Miami
93%
NAP Naples
93%
YYZ Toronto
93%
ZRH Zürich
93%
HAM Hamburg
92%
MAN Manchester
92%
BUD Budapest
91%
FRA Frankfurt
91%
GLA Glasgow
91%
SFO San Francisco
91%
ORD Chicago
90%
DXB Dubai
90%
MUC Munich
90%
ARN Stockholm
90%
ZAG Zagreb
90%
CAI Cairo
89%
DFW Dallas/Fort Worth
89%
PRG Prague
89%
OTP Bucharest
88%
YUL Montreal
88%
PHL Philadelphia
88%
OPO Porto
88%
GVA Geneva
87%
NCE Nice
87%
VCE Venice
87%
IAD Washington D.C
87%
PEK Beijing
86%
SOF Sofia
86%
YVR Vancouver
86%
SEA Seattle
84%
TLV Tel Aviv
84%
BHX Birmingham
83%
DOH Doha
83%
MRS Marseille
83%
DEN Denver
82%
LUX Luxembourg
82%
KEF Reykjavik
81%
AUH Abu Dhabi
79%
KRK Krakow
79%
RIX Riga
79%
IBZ Ibiza
78%
TLL Tallinn
78%
TRN Turin
78%
PMO Palermo
77%
CGN Cologne
76%
LAS Las Vegas
76%
MCO Orlando
76%
LPL Liverpool
75%
VNO Vilnius
75%
VLC Valencia
74%
SVQ Seville
73%
DUS Dusseldorf
72%
GNB Lyon
71%
PIT Pittsburgh
71%
BRS Bristol
70%
BOD Bordeaux
68%
NCL Newcastle Upon Tyne
68%
BSL Basel
67%
LBA Leeds
67%
TIA Tirana
67%
TLS Toulouse
67%
BIO Bilbao
66%
BTS Bratislava
66%
YYC Calgary
66%
FAO Faro
66%
GDN Gdańsk
66%
ABZ Aberdeen
65%
CLE Cleveland
65%
DTW Detroit
65%
MSP Minneapolis
65%
STR Stuttgart
65%
IND Indianapolis
64%
AGP Malaga
64%
SZG Salzburg
64%
SPU Split
64%
WRO Wroclaw
64%
CWL Cardiff
63%
CLT Charlotte
63%
DBV Dubrovnik
63%
INN Innsbruck
63%
PMI Palma
62%
BGO Bergen
60%
HER Heraklion
60%
EWR Newark
60%
BRI Bari
59%
CUN Cancún
59%
POZ Poznan
59%
SOU Southampton
59%
TFS Tenerife
59%
AYT Antalya
58%
BLQ Bologna
58%
ALC Alicante
57%
NTE Nantes
57%
SKG Thessaloniki
57%
RHO Rhodes
56%
VRN Verona
56%
ADB Izmir
55%
MLA Malta
55%
RBA Rabat
55%
CAG Cagliari
52%
RAK Marrakesh
52%
EMA East Midlands
50%
PSA Pisa
50%
BNA Nashville
49%
EIN Eindhoven
48%
KTW Katowice
48%
CTA Catania
47%
FNC Funchal
47%
JER Saint Helier
47%
YHZ Halifax
46%
CLJ Cluj-Napoca
45%
EXT Exeter
44%
CFU Corfu
42%
LCJ Łódź
42%
RDU Raleigh
41%
ZAD Zadar
41%
AGA Agadir
38%
FUE Fuerteventura
38%
LPA Gran Canaria
38%
GCI Guernsey
37%
MAH Menorca
37%
TOS Tromsø
37%
RMO Chisinau
36%
KGS Kos
36%
JTR Santorini
36%
MPL Montpellier
35%
TRS Trieste
31%
ACE Lanzarote
30%
LCG A Coruña
29%
KUN Kaunas
29%
SCQ Santiago
29%
YYT St Johns
29%
SZZ Szczecin
29%
ZTH Zákynthos
27%
CHQ Chania
26%
NQY Newquay
26%
BOJ Burgas
25%
CRL Charleroi
25%
RMU Murcia
25%
OLB Olbia
25%
PFO Paphos
25%
IAS Iaşi
24%
LUZ Lublin
24%
RVN Rovaniemi
24%
BDS Brindisi
23%
KSC Košice
21%
SDR Santander
19%
BZG Bydgoszcz
18%
BDL Hartford
18%
DLM Dalaman
17%
RZE Rzeszów
16%
BIQ Biarritz
14%
AHO Alghero
13%
KTT Kittilä
10%
PGF Perpignan
10%
CFN Donegal
9%
KIR Kerry
9%
FMM Memmingen
9%
BCM Bacău
8%
CCF Carcassonne
8%
LRH La Rochelle
8%
LDE Lourdes
8%
OVD Corvera de Asturias
7%
PLQ Klaipéda
7%
RDZ Rodez
7%
FNI Nîmes
5%
BJV Milas
4%
No matching quizzes found
Score Distribution
Percent of People with Each Score
Percentile by Number Answered
Your Score History
You have not taken this quiz